000 00476nam a22001937a 4500
003 MPLRDC
005 20220104142917.0
008 210129b ||||| |||| 00| 0 eng d
020 _a957-9592-13-6
082 _a490.7 SKY
100 _a山口裕
245 _a如何成为销售高手
_c杨本安译
250 _a初版
260 _a
_b丝路出版社
_c1990
300 _b
490 _a经营管理丛书. 16
650 _a商学总论
942 _cBK
_o490.7 SKY
999 _c34787
_d34777